[Event "Online Olym Div3 B 2020"]
[Site "chess.com INT"]
[Date "2020.07.07"]
[Round "2.4"]
[Board "2"]
[White "Gurbanov, Andrei"]
[Black "Silva, David"]
[Result "1-0"]
[WhiteTitle "IM"]
[BlackTitle "IM"]
[WhiteElo "2298"]
[BlackElo "2258"]
[WhiteTeam "IPCA"]
[BlackTeam "Angola"]
[WhiteFideId "13503391"]
[BlackFideId "10101314"]
[EventDate "2020.07.07"]
[EventType "team"]

1. d4 Nf6 2. c4 g6 3. Nc3 Bg7 4. e4 d6 5. f3 O-O 6. Be3 c5 7. Nge2 Nc6 8. Qd2 b6
9. d5 Ne5 10. Ng3 h5 11. Be2 h4 12. Nf1 Nh5 13. h3 f5 14. f4 Nf7 15. Bxh5 gxh5
16. Qe2 fxe4 17. Qxh5 Nh6 18. Nxe4 Bf5 19. Ng5 b5 20. Nd2 bxc4 21. O-O Qe8 22.
Qxh4 Qg6 23. g4 Rab8 24. Nxc4 Bd3 25. Rfc1 Bxc4 26. Rxc4 Qd3 27. Re4 Rxb2 28.
Rf1 Rb1 29. Rxb1 Qxb1+ 30. Kg2 Qxa2+ 31. Kg3 Qb1 32. Qh5 Qe1+ 33. Bf2 Qc3+ 34.
Re3 Qc4 35. Ne6 Rf6 36. Qg5 Rf7 37. Nxg7 Rxg7 38. Qxh6 Qxd5 39. f5 Rf7 40. Re6
Rf6 41. Qg5+ Kf7 42. Qh5+ Kf8 43. Qh8+ 1-0

[Event "Online Olym Div3 B 2020"]
[Site "chess.com INT"]
[Date "2020.07.07"]
[Round "2.4"]
[Board "3"]
[White "Caxita, Esperanca"]
[Black "Aleksandrova, Aleksandra"]
[Result "1-0"]
[WhiteTitle "WIM"]
[BlackTitle "WFM"]
[WhiteElo "1882"]
[BlackElo "1791"]
[WhiteTeam "Angola"]
[BlackTeam "IPCA"]
[WhiteFideId "10100903"]
[BlackFideId "4144198"]
[EventDate "2020.07.07"]
[EventType "team"]

1. e4 d6 2. d4 c6 3. Nf3 Nd7 4. Nc3 Qc7 5. Bc4 e6 6. O-O Be7 7. Bb3 Ngf6 8. Re1
e5 9. h3 O-O 10. Be3 b5 11. a3 a5 12. d5 Bb7 13. dxc6 Bxc6 14. Nd5 Nxd5 15. exd5
Bb7 16. Rc1 Nc5 17. c4 b4 18. a4 Qd7 19. Bc2 h6 20. Bxc5 dxc5 21. Nxe5 Qd6 22.
Qd3 f5 23. b3 Bg5 24. Rcd1 Bf4 25. Nf3 Bc8 26. Re2 Ra7 27. Rde1 Raf7 28. Ne5
Bxe5 29. Rxe5 g6 30. Qg3 Kh7 31. Re8 f4 32. Qf3 Bd7 33. R8e6 Bxe6 34. Rxe6 Qd8
35. Bxg6+ Kg7 36. Bxf7 Rxf7 37. Qg4+ Qg5 38. Ra6 Re7 39. Qxg5+ hxg5 40. Kf1 Kf7
41. Rxa5 Rc7 42. Ra6 Kg7 43. Rc6 Rf7 44. Rxc5 f3 45. d6 Kf6 46. Rb5 Ke6 47. c5 1-0

[Event "Online Olym Div3 B 2020"]
[Site "chess.com INT"]
[Date "2020.07.07"]
[Round "2.4"]
[Board "4"]
[White "Jennitha, Anto K."]
[Black "Junior, Ednasia"]
[Result "1-0"]
[WhiteTitle "WIM"]
[BlackTitle "WFM"]
[WhiteElo "2001"]
[BlackElo "1808"]
[WhiteTeam "IPCA"]
[BlackTeam "Angola"]
[WhiteFideId "5018218"]
[BlackFideId "10105980"]
[EventDate "2020.07.07"]
[EventType "team"]

1. e4 c5 2. Nf3 e6 3. d4 cxd4 4. Nxd4 a6 5. Nc3 Qc7 6. g3 Nf6 7. Bg2 Be7 8. O-O
O-O 9. Re1 d6 10. Be3 Bd7 11. Qd2 Nc6 12. h3 Rfd8 13. Rad1 Nxd4 14. Bxd4 Bc6 15.
Qe2 b5 16. e5 dxe5 17. Bxe5 Qb7 18. Qf1 Bxg2 19. Qxg2 Qxg2+ 20. Kxg2 Rac8 21.
Rxd8+ Rxd8 22. Rd1 Rxd1 23. Nxd1 Nd7 24. Bd4 e5 25. Be3 f5 26. Nc3 Nf6 27. Bg5
Kf7 28. Bxf6 Bxf6 29. Nd5 a5 30. b3 Bd8 31. Ne3 Ke6 32. c4 bxc4 33. bxc4 Bb6 34.
Nd5 Bd4 35. g4 fxg4 36. hxg4 Kd6 37. Kf3 Kc5 38. Ne3 Bxe3 39. fxe3 Kxc4 40. Ke4
Kc3 41. Kxe5 Kb2 42. a4 Kb3 43. Kd4 Kxa4 44. Kc4 Ka3 45. Kc3 Ka4 46. Kc4 Ka3 47.
e4 a4 48. Kc3 Ka2 49. e5 a3 50. Kc2 Ka1 51. e6 a2 52. e7 h5 53. e8=Q 1-0

[Event "Online Olym Div3 B 2020"]
[Site "chess.com INT"]
[Date "2020.07.07"]
[Round "2.4"]
[Board "5"]
[White "Lutuima, Amaro"]
[Black "Lipilin, Ilia"]
[Result "0-1"]
[WhiteTitle "CM"]
[BlackTitle "FM"]
[WhiteElo "2050"]
[BlackElo "2189"]
[WhiteTeam "Angola"]
[BlackTeam "IPCA"]
[WhiteFideId "10106863"]
[BlackFideId "54113245"]
[EventDate "2020.07.07"]
[EventType "team"]

1. e4 c5 2. Nf3 Nc6 3. d4 cxd4 4. Nxd4 e5 5. Nb5 d6 6. N1c3 a6 7. Na3 b5 8. Nd5
Nce7 9. Bg5 f6 10. Be3 Nxd5 11. Qxd5 Rb8 12. Be2 Bb7 13. Qe6+ Qe7 14. Qb3 Bxe4
15. f3 Bc6 16. O-O-O d5 17. Rxd5 Bxd5 18. Qxd5 Qd7 19. Qb3 Qc6 20. Bc4 Nh6 21.
Bxh6 gxh6 22. Bf7+ Kd8 23. Nc4 Bc5 24. Na5 Qb6 25. Qd5+ Kc7 26. Nb3 Be3+ 27. Kb1
Rbd8 28. Qe4 Rd7 29. Be6 Qxe6 30. Qxe3 Qb6 31. Qxh6 Rhd8 32. a3 Kb8 33. g4 Ka7
34. h4 a5 35. g5 fxg5 36. Qxg5 a4 37. Nc1 Rd5 38. Qg4 Qd4 39. Qf5 R8d7 40. Nd3
e4 41. Qxe4 Qxe4 42. fxe4 Rd4 43. e5 h5 44. Kc1 Re7 45. Rh3 Kb6 46. Kb1 Kc6 47.
Ka2 Kd5 48. b3 axb3+ 49. Kxb3 Rg7 50. Kc3 Rgg4 51. Re3 Rde4 52. Rf3 Rxh4 53. Rf6
Rc4+ 54. Kb3 Rh2 55. Rd6+ Ke4 56. e6 Re2 57. e7 Kf5 58. Rd5+ Kf6 59. Rxb5 Rh4
60. Ne5 Rh3+ 61. c3 Kxe7 62. Ng6+ Ke6 63. Nf4+ Kd6 64. Nxe2 h4 0-1

[Event "Online Olym Div3 B 2020"]
[Site "chess.com INT"]
[Date "2020.07.07"]
[Round "2.4"]
[Board "6"]
[White "Dorozhkina, Mariya"]
[Black "Paulo, Jemima"]
[Result "1-0"]
[WhiteTitle "WFM"]
[WhiteElo "1705"]
[BlackElo "1599"]
[WhiteTeam "IPCA"]
[BlackTeam "Angola"]
[WhiteFideId "54132185"]
[BlackFideId "10110836"]
[EventDate "2020.07.07"]
[EventType "team"]

1. d4 d6 2. c4 Nf6 3. Nc3 g6 4. g3 Bg7 5. Bg2 O-O 6. Nf3 Nc6 7. O-O e5 8. d5 Ne7
9. e4 h6 10. b4 a5 11. b5 Nxe4 12. Nxe4 f5 13. Nc3 c5 14. bxc6 e4 15. Nd4 Qb6
16. Be3 Qb4 17. Qb3 g5 18. Qxb4 axb4 19. Ncb5 f4 20. Bd2 bxc6 21. dxc6 f3 22.
Bh1 Ra4 23. Be3 d5 24. Rfc1 Ba6 25. Nc7 Bxc4 26. Nce6 Bxd4 27. Bxd4 Nxc6 28. Be3
Ne5 29. Nxf8 Kxf8 30. h3 Nd3 31. Rc2 b3 32. Rd2 bxa2 33. h4 gxh4 34. Bxh6+ Kf7
35. gxh4 Kg6 36. Bg5 Kh5 37. Kh2 Rb4 38. Raxa2 Bxa2 39. Rxa2 Rb1 40. Rd2 Rf1 41.
Bxf3+ Kg6 42. Bg2 Rxf2 43. Rxf2 Nxf2 44. Kg3 Nd3 45. Bf1 Ne5 46. Kf4 Nf3 47. Bd8
Kh5 48. Be2 Kg6 49. Bxf3 exf3 50. Kxf3 d4 51. Ke4 Kh5 52. Kxd4 Kh6 53. Ke4 Kg6
54. Kf4 Kh7 55. Kg5 Kg7 56. h5 Kh7 57. Bf6 Kg8 58. Kh6 Kf7 59. Bd4 Kg8 60. Bg7 1-0

[Event "Online Olym Div3 B 2020"]
[Site "chess.com INT"]
[Date "2020.07.07"]
[Round "3.1"]
[Board "1"]
[White "Severino, Sander"]
[Black "Greet, Andrew N"]
[Result "0-1"]
[WhiteTitle "FM"]
[BlackTitle "IM"]
[WhiteElo "2364"]
[BlackElo "2417"]
[WhiteTeam "IPCA"]
[BlackTeam "Scotland"]
[WhiteFideId "5204100"]
[BlackFideId "405817"]
[EventDate "2020.07.07"]
[EventType "team"]

1. d4 e6 2. c4 f5 3. g3 Nf6 4. Bg2 d5 5. Nh3 Bd6 6. O-O O-O 7. b3 dxc4 8. bxc4
c5 9. Nc3 cxd4 10. Qxd4 Nc6 11. Qd1 Be5 12. Bb2 Qa5 13. Qc1 Bd7 14. Nf4 Rac8 15.
Nd3 Bb8 16. Rb1 b6 17. Ba3 Rfd8 0-1

[Event "Online Olym Div3 B 2020"]
[Site "chess.com INT"]
[Date "2020.07.07"]
[Round "3.1"]
[Board "2"]
[White "Gourlay, Iain"]
[Black "Gurbanov, Andrei"]
[Result "0-1"]
[WhiteTitle "FM"]
[BlackTitle "IM"]
[WhiteElo "2342"]
[BlackElo "2298"]
[WhiteTeam "Scotland"]
[BlackTeam "IPCA"]
[WhiteFideId "2401533"]
[BlackFideId "13503391"]
[EventDate "2020.07.07"]
[EventType "team"]

1. c4 e6 2. g3 d5 3. Nf3 Nf6 4. Bg2 b6 5. O-O Bb7 6. b3 d4 7. e3 d3 8. Bb2 a5 9.
Ne5 Bxg2 10. Kxg2 Bd6 11. Nxd3 Bxg3 12. hxg3 Qxd3 13. Qf3 Ne4 14. Nc3 f5 15.
Nxe4 fxe4 16. Qh5+ Ke7 17. Qg5+ Kd6 18. Bxg7 Re8 19. Qh5 Nd7 20. Bc3 Rf8 21.
Qxh7 Rf5 22. Bg7 Qe2 23. c5+ bxc5 24. d4 Qf3+ 25. Kg1 Rh5 26. dxc5+ Kc6 27. Qxh5
Qxh5 28. Rfd1 Rg8 29. Bb2 Qf3 30. Kf1 Rxg3 31. Ke1 Rg1+ 32. Kd2 Qxf2+ 0-1

[Event "Online Olym Div3 B 2020"]
[Site "chess.com INT"]
[Date "2020.07.07"]
[Round "3.1"]
[Board "3"]
[White "Jennitha, Anto K."]
[Black "Arakhamia-Grant, Ketevan"]
[Result "1/2-1/2"]
[WhiteTitle "WIM"]
[BlackTitle "GM"]
[WhiteElo "2001"]
[BlackElo "2380"]
[WhiteTeam "IPCA"]
[BlackTeam "Scotland"]
[WhiteFideId "5018218"]
[BlackFideId "13600168"]
[EventDate "2020.07.07"]
[EventType "team"]

1. e4 c5 2. Nf3 Nc6 3. d4 cxd4 4. Nxd4 e5 5. Nxc6 bxc6 6. Nc3 Nf6 7. Bd3 Be7 8.
O-O O-O 9. h3 d5 10. Re1 d4 11. Ne2 c5 12. Ng3 Be6 13. b3 g6 14. f4 exf4 15.
Bxf4 Nd7 16. e5 Bh4 17. Rf1 Bxg3 18. Bxg3 Qg5 19. Bf4 Qh4 20. Qd2 Bd5 21. Bg5
Qg3 22. Bf4 Qh4 23. Bg5 Qg3 24. Bf4 Qh4 1/2-1/2

[Event "Online Olym Div3 B 2020"]
[Site "chess.com INT"]
[Date "2020.07.07"]
[Round "3.1"]
[Board "4"]
[White "Roy, Ali"]
[Black "Kaydanovich, Marina"]
[Result "1-0"]
[BlackTitle "WIM"]
[WhiteElo "1878"]
[BlackElo "1734"]
[WhiteTeam "Scotland"]
[BlackTeam "IPCA"]
[WhiteFideId "2400456"]
[BlackFideId "4134877"]
[EventDate "2020.07.07"]
[EventType "team"]

1. Nf3 d5 2. g3 Nc6 3. Bg2 Nf6 4. d3 e5 5. Nbd2 Be7 6. O-O O-O 7. e4 dxe4 8.
dxe4 h6 9. c3 Qd3 10. Re1 Be6 11. Bf1 Qd7 12. Qc2 a6 13. Nc4 Bd6 14. Nxd6 Qxd6
15. Rd1 Qe7 16. b4 Bg4 17. Be2 Rfd8 18. Bb2 Rxd1+ 19. Rxd1 Rd8 20. Rxd8+ Qxd8
21. Nh4 Qd7 22. Qd3 Qxd3 23. Bxd3 Be6 24. a3 g6 25. Kg2 b5 26. Bc1 Kg7 27. f4
Bb3 28. Nf3 Nd7 29. Be3 f6 30. Kf2 Nd8 31. Nd2 Bf7 32. c4 c6 33. cxb5 axb5 34.
Bc2 Nb7 35. a4 c5 36. bxc5 Ndxc5 37. axb5 Be8 38. b6 Bc6 39. fxe5 fxe5 40. Nc4
Nxe4+ 41. Bxe4 Bxe4 42. Nxe5 Kf6 43. Ng4+ Ke6 44. Bxh6 Nd6 45. Be3 Nf5 46. h4
Bb7 47. Bf4 Bc6 48. Ne5 Bb7 49. Nxg6 Nd4 50. h5 Kf5 51. Ne7+ Ke6 52. Ng6 Kf6 53.
g4 Ne6 54. Ke3 Nc5 55. g5+ Kf7 56. Ne5+ Kg7 57. h6+ Kg8 58. g6 Ne6 59. h7+ Kg7
60. Bh6+ Kh8 61. Nf7# 1-0

[Event "Online Olym Div3 B 2020"]
[Site "chess.com INT"]
[Date "2020.07.07"]
[Round "3.1"]
[Board "5"]
[White "Lipilin, Ilia"]
[Black "Abdulla, Murad"]
[Result "1/2-1/2"]
[WhiteTitle "FM"]
[BlackTitle "FM"]
[WhiteElo "2189"]
[BlackElo "2287"]
[WhiteTeam "IPCA"]
[BlackTeam "Scotland"]
[WhiteFideId "54113245"]
[BlackFideId "2403757"]
[EventDate "2020.07.07"]
[EventType "team"]

1. d4 Nf6 2. c4 c5 3. d5 b5 4. cxb5 a6 5. b6 g6 6. Nc3 Bg7 7. e4 d6 8. Nf3 Nbd7
9. Nd2 O-O 10. Be2 Nxb6 11. a4 Rb8 12. a5 Na8 13. O-O Nc7 14. Nc4 Nb5 15. Nxb5
axb5 16. Nb6 Ba6 17. f3 Nd7 18. Nxd7 Qxd7 19. Qc2 c4 20. Be3 b4 21. Rfb1 Rfc8
22. Bb6 Bb5 23. Bf1 Qb7 24. Qf2 Qa6 25. Rc1 c3 26. bxc3 Bxf1 27. Qxf1 Qxf1+ 28.
Kxf1 bxc3 29. Rc2 Ra8 30. Ke2 f5 31. exf5 gxf5 32. Kd3 Ra6 33. Re1 Kf7 34. Rce2
Bf6 35. g4 fxg4 36. fxg4 Rca8 37. Rf1 h6 38. h4 Kg6 39. Re6 Rxa5 40. Bxa5 Rxa5
41. Rf5 Ra4 42. h5+ Kf7 43. Re4 Ra2 44. Re2 Ra4 45. Rg2 Kg7 46. Ke3 Bg5+ 47. Kd3
Bf6 48. Ke3 Rb4 49. Kd3 Rd4+ 50. Kc2 Rb4 51. Kd3 Rb1 52. Rff2 Rd1+ 53. Kc4 Re1
54. Kb5 Re4 55. Rc2 Rd4 56. Rxc3 Rxd5+ 57. Kc6 Rd1 58. Rf3 Rc1+ 59. Kb6 d5 60.
Rd2 d4 61. Rdd3 e5 62. Ra3 Bd8+ 63. Kb5 Rc7 64. Rf5 e4 65. Re5 e3 66. Rd3 Bf6
67. Re4 Rc2 68. Kb4 e2 69. Kb3 Rc1 70. Rxe2 Rb1+ 71. Kc4 Rg1 72. Re4 Kf7 73. Kd5
Rf1 74. Ra3 Rb1 75. Ra7+ Kf8 76. Rf4 Rb6 77. Rf1 d3 78. Ke4 d2 79. Rd1 Bg5 80.
Rc7 Rb4+ 81. Kf3 Rb3+ 82. Ke2 Rg3 83. Ra1 Re3+ 84. Kf2 Re8 85. Rd7 Be3+ 86. Kf3
Bg5 87. Raa7 Re3+ 88. Kf2 Re8 89. Ra3 Bh4+ 90. Kf3 Bg5 91. Rb3 Rc8 92. Ke4 Ke8
93. Rbd3 Rc4+ 94. R7d4 Rc2 95. Kf5 Rc6 96. Rd6 Rc4 97. R3d4 Rc3 98. Kg6 Rf3 99.
R4d5 Rg3 100. Rd4 Rg2 101. R6d5 Re2 102. Rxg5 hxg5 103. Kxg5 Kf7 104. Kf4 Rf2+
105. Ke3 Rg2 106. Kf3 Rh2 107. Kg3 Re2 108. g5 Re5 109. Kf4 Re2 110. h6 Rf2+
111. Kg3 Re2 112. Rd6 Re5 113. Kf4 Re2 114. g6+ Ke7 115. Rd3 Kf6 116. g7 Rg2
117. Rd6+ Kf7 118. Rd8 Rg6 119. Ke3 Rg2 120. Kf3 Rg6 121. h7 d1=Q+ 122. Rxd1
Kxg7 123. Rd7+ Kh8 124. Kf4 Rg7 125. Rd8+ Kxh7 1/2-1/2

[Event "Online Olym Div3 B 2020"]
[Site "chess.com INT"]
[Date "2020.07.07"]
[Round "3.1"]
[Board "6"]
[White "Smith, Sarah E"]
[Black "Dorozhkina, Mariya"]
[Result "0-1"]
[BlackTitle "WFM"]
[WhiteElo "1390"]
[BlackElo "1705"]
[WhiteTeam "Scotland"]
[BlackTeam "IPCA"]
[WhiteFideId "2405539"]
[BlackFideId "54132185"]
[EventDate "2020.07.07"]
[EventType "team"]

1. Nf3 Nf6 2. c4 g6 3. g3 Bg7 4. Nc3 O-O 5. Bg2 c5 6. O-O Nc6 7. d3 a6 8. Bd2
Rb8 9. a4 b6 10. Qb1 Bb7 11. Na2 d5 12. Qc1 dxc4 13. Qxc4 Qc7 14. Rab1 Bc8 15.
b4 Be6 16. Qc2 Bxa2 17. Qxa2 cxb4 18. Bxb4 Nxb4 19. Rxb4 e6 20. Rfb1 Nd5 21. Rc4
Qd6 22. d4 b5 23. axb5 axb5 24. Rcc1 b4 25. Qb3 Nc3 26. Rb2 Rfc8 27. Rcc2 Bf8
28. e3 Ra8 29. Ne5 Ra1+ 30. Bf1 Ra3 31. Qxb4 Qxb4 32. Rxb4 Bxb4 33. Rc1 Rca8 34.
Re1 Ne4 35. Bg2 Bxe1 36. Bxe4 Rb8 37. Kg2 Ra2 38. Nd3 Bxf2 39. Nxf2 Rbb2 40. Kh3
Rxf2 41. Bh1 Rxh2+ 0-1

[Event "Online Olym Div3 B 2020"]
[Site "chess.com INT"]
[Date "2020.07.07"]
[Round "3.2"]
[Board "1"]
[White "Sousa, Andre Ventura"]
[Black "Alberto, Manuel"]
[Result "1-0"]
[WhiteTitle "IM"]
[BlackTitle "FM"]
[WhiteElo "2394"]
[BlackElo "2167"]
[WhiteTeam "Portugal"]
[BlackTeam "Angola"]
[WhiteFideId "1917617"]
[BlackFideId "10100148"]
[EventDate "2020.07.07"]
[EventType "team"]

1. e4 c5 2. Nf3 d6 3. d4 cxd4 4. Nxd4 Nf6 5. Nc3 a6 6. f3 e5 7. Nb3 Be6 8. Be3
h5 9. Qd2 Nbd7 10. Nd5 Bxd5 11. exd5 Rc8 12. c4 Be7 13. Be2 O-O 14. Na5 Qc7 15.
O-O Rfe8 16. b4 Bf8 17. h3 e4 18. f4 b6 19. Nc6 Nb8 20. Nd4 Nbd7 21. Rac1 a5 22.
a3 axb4 23. axb4 Ra8 24. g4 hxg4 25. hxg4 Ra3 26. Nb5 Qd8 27. Nxa3 Nh7 28. g5
Be7 29. Nb5 Ndf8 30. Nd4 Qd7 31. f5 Qd8 32. Nc6 Qd7 33. Ra1 Bd8 34. Ra7 Qc8 35.
Bg4 g6 36. Qg2 Nxg5 37. fxg6 f5 1-0

[Event "Online Olym Div3 B 2020"]
[Site "chess.com INT"]
[Date "2020.07.07"]
[Round "3.2"]
[Board "2"]
[White "Dias, Vanderson"]
[Black "Martins, David Pires Tavares"]
[Result "0-1"]
[BlackTitle "IM"]
[WhiteElo "2115"]
[BlackElo "2398"]
[WhiteTeam "Angola"]
[BlackTeam "Portugal"]
[WhiteFideId "10100636"]
[BlackFideId "1909991"]
[EventDate "2020.07.07"]
[EventType "team"]

1. e4 d6 2. d4 Nf6 3. Nc3 e5 4. dxe5 dxe5 5. Qxd8+ Kxd8 6. Bg5 h6 7. O-O-O+ Nd7
8. Bxf6+ gxf6 9. Bc4 Rh7 10. Nf3 c6 11. a3 Kc7 12. h3 Nc5 13. Nh4 b5 14. Ba2 a5
15. Rhe1 b4 16. Nb1 h5 17. Bc4 Be6 18. Bxe6 fxe6 19. Nd2 Bh6 20. g3 bxa3 21.
bxa3 Na4 22. Ng2 Nc3 23. Ne3 Rb8 24. Nb3 Bf8 25. Nc4 Nxd1 26. Kxd1 a4 27. Nbd2
Rd7 28. Ke2 Rd4 29. c3 Rd7 30. g4 hxg4 31. hxg4 Bh6 32. Nf3 Rb3 33. g5 Bxg5 34.
Nxg5 fxg5 35. Rc1 Rb5 36. Ke3 Rh7 37. Nd2 Rh3+ 38. f3 g4 39. Rf1 gxf3 40. Nxf3
Rb3 41. Kd2 Rxa3 42. Nxe5 Ra2+ 43. Kc1 Ra1+ 0-1

[Event "Online Olym Div3 B 2020"]
[Site "chess.com INT"]
[Date "2020.07.07"]
[Round "3.2"]
[Board "3"]
[White "Jorge, Rita Maria Osorio"]
[Black "Caxita, Esperanca"]
[Result "0-1"]
[WhiteTitle "WFM"]
[BlackTitle "WIM"]
[WhiteElo "1983"]
[BlackElo "1882"]
[WhiteTeam "Portugal"]
[BlackTeam "Angola"]
[WhiteFideId "1923161"]
[BlackFideId "10100903"]
[EventDate "2020.07.07"]
[EventType "team"]

1. e4 d5 2. exd5 Qxd5 3. Nc3 Qd6 4. d4 Nf6 5. Nf3 a6 6. Be2 Bg4 7. h3 Bh5 8. Be3
Nc6 9. O-O O-O-O 10. Ng5 Bg6 11. Bg4+ Nxg4 12. Qxg4+ f5 13. Qf3 h6 14. Bf4 Qd7
15. Ne6 Qxe6 16. d5 Nd4 17. dxe6 Nxf3+ 18. gxf3 Bh5 19. Kg2 g5 20. Be5 Rg8 21.
Rad1 Rxd1 22. Rxd1 Bg7 23. Bxg7 Rxg7 24. Rd5 Bg6 25. Rd7 Be8 26. Rd5 f4 27. Rf5
Rg8 28. Nd5 Kd8 29. Nb4 c6 30. c4 Bg6 31. Re5 a5 32. Nxc6+ bxc6 33. Rxa5 Kc7 34.
c5 Rb8 35. b3 Bf5 36. Ra7+ Rb7 37. Ra8 Bxe6 38. Rh8 Rb5 39. Rxh6 Kd7 40. h4 gxh4
41. Rxh4 Rxc5 42. Rxf4 Rc2 43. Ra4 Rc3 44. Kg3 Bd5 45. Rf4 Kd6 46. Kg4 Rc2 47.
b4 Rxa2 48. Kg3 Rb2 49. Rh4 e6 50. Rd4 Rb3 51. Rf4 e5 52. Rf6+ Ke7 53. Rf5 Ke6
54. Rf8 Rxb4 55. Re8+ Kd6 56. Rd8+ Ke7 57. Rc8 Rb3 58. Rc7+ Kd6 59. Rh7 Rxf3+
60. Kg4 Rxf2 61. Rh6+ Kc5 0-1

[Event "Online Olym Div3 B 2020"]
[Site "chess.com INT"]
[Date "2020.07.07"]
[Round "3.2"]
[Board "4"]
[White "Pires, Luzia"]
[Black "Pintor, Ariana"]
[Result "1/2-1/2"]
[WhiteTitle "WFM"]
[BlackTitle "WFM"]
[WhiteElo "1752"]
[BlackElo "1903"]
[WhiteTeam "Angola"]
[BlackTeam "Portugal"]
[WhiteFideId "10101012"]
[BlackFideId "1902806"]
[EventDate "2020.07.07"]
[EventType "team"]

1. e4 c6 2. d4 d5 3. exd5 cxd5 4. h3 Nc6 5. Nf3 Nf6 6. c3 Bf5 7. Bd3 Bxd3 8.
Qxd3 e6 9. O-O Be7 10. Be3 O-O 11. Nbd2 a6 12. Rfe1 b5 13. Rac1 b4 14. c4 dxc4
15. Nxc4 Nd5 16. Red1 Bf6 17. Nce5 Nce7 18. Bg5 g6 19. Bxf6 Nxf6 20. Ng5 Qa5 21.
a3 bxa3 22. bxa3 Nfd5 23. Rc5 Qa4 24. Ng4 Nf5 25. Rc4 Qb5 26. Ne4 Rfc8 27. Rdc1
Rxc4 28. Qxc4 Qxc4 29. Rxc4 Rb8 30. Nef6+ Nxf6 31. Nxf6+ Kg7 32. Nd7 Rb1+ 33.
Kh2 Rd1 34. Nc5 Rd2 35. Kg1 Nxd4 36. Nxa6 Nb3 37. a4 Rd6 38. Nc7 Rd1+ 39. Kh2
Nd2 40. Rc6 Nf1+ 41. Kg1 Nd2+ 42. Kh2 Nf1+ 43. Kg1 Nd2+ 44. Kh2 1/2-1/2

[Event "Online Olym Div3 B 2020"]
[Site "chess.com INT"]
[Date "2020.07.07"]
[Round "3.2"]
[Board "5"]
[White "Veiga, Jose Francisco R P Neves"]
[Black "Junior, Domingos"]
[Result "1-0"]
[WhiteTitle "FM"]
[BlackTitle "FM"]
[WhiteElo "2322"]
[BlackElo "1894"]
[WhiteTeam "Portugal"]
[BlackTeam "Angola"]
[WhiteFideId "1930087"]
[BlackFideId "10105972"]
[EventDate "2020.07.07"]
[EventType "team"]

1. e4 e6 2. d4 d5 3. Nd2 Nc6 4. Ngf3 Nf6 5. e5 Nd7 6. Nb3 f6 7. exf6 Qxf6 8. Bg5
Qf7 9. Bh4 h6 10. Bg3 Bd6 11. c4 dxc4 12. Bxc4 Nb6 13. Bb5 Bd7 14. Nc5 Bxc5 15.
dxc5 Nd5 16. O-O O-O 17. Re1 Rad8 18. Qe2 Rfe8 19. a3 a6 20. Bc4 Nf4 21. Qe4 g5
22. Rad1 Bc8 23. h4 Rxd1 24. Rxd1 Nh5 25. hxg5 Nxg3 26. fxg3 hxg5 27. Nxg5 Qe7
28. Qg6+ 1-0

[Event "Online Olym Div3 B 2020"]
[Site "chess.com INT"]
[Date "2020.07.07"]
[Round "3.2"]
[Board "6"]
[White "Paulo, Jemima"]
[Black "Pipiras, Filipa Fortuna"]
[Result "0-1"]
[WhiteElo "1599"]
[BlackElo "1907"]
[WhiteTeam "Angola"]
[BlackTeam "Portugal"]
[WhiteFideId "10110836"]
[BlackFideId "1944894"]
[EventDate "2020.07.07"]
[EventType "team"]

1. c4 e5 2. Nc3 Nf6 3. Nf3 Nc6 4. g3 Bc5 5. Bg2 O-O 6. O-O d6 7. d3 h6 8. Rb1 a5
9. a3 Be6 10. e3 Ba7 11. b3 Qd7 12. Nb5 Bb6 13. Qc2 Bh3 14. Rd1 Bg4 15. Bb2 Qf5
16. Nh4 Bxd1 17. Rxd1 Qd7 18. d4 exd4 19. exd4 d5 20. Nf5 Ne7 21. Bh3 Nxf5 22.
Bxf5 Qd8 23. c5 Ba7 24. Qd2 Bb8 25. Bc1 c6 26. Nc3 b6 27. Na4 bxc5 28. dxc5 Bc7
29. Bb2 Nd7 30. Qe2 Re8 31. Qg4 Ne5 32. Qh3 Nf3+ 33. Kg2 Re1 34. Rxe1 Nxe1+ 35.
Kf1 Nf3 36. g4 Nxh2+ 37. Kg2 Qg5 38. Bd4 Qc1 39. Qd3 Re8 40. Be3 Rxe3 41. fxe3
Qe1 42. e4 dxe4 43. Bxe4 Nxg4 44. Nc3 Qf2+ 45. Kh3 h5 46. Qe2 Qg3# 0-1

[Event "Online Olym Div3 B 2020"]
[Site "chess.com INT"]
[Date "2020.07.07"]
[Round "3.3"]
[Board "1"]
[White "Olebile, Thato"]
[Black "Sultan, Ibrahim"]
[Result "1-0"]
[WhiteTitle "FM"]
[BlackTitle "IM"]
[WhiteElo "2071"]
[BlackElo "2076"]
[WhiteTeam "Botswana"]
[BlackTeam "United Arab Emirates"]
[WhiteFideId "11300760"]
[BlackFideId "9301143"]
[EventDate "2020.07.07"]
[EventType "team"]

1. d4 d5 2. c4 e6 3. Nc3 Be7 4. Nf3 Nf6 5. cxd5 Nxd5 6. e4 Nf6 7. Be2 O-O 8. O-O
b6 9. Qc2 Bb7 10. Rd1 Nbd7 11. Bf4 Rc8 12. Rac1 Re8 13. a3 g6 14. d5 exd5 15.
Nxd5 Nxd5 16. exd5 Bd6 17. Bg5 f6 18. Bh4 Qe7 19. Bb5 Kg7 20. Re1 Qf7 21. Bc6
Bxc6 22. Qxc6 Ne5 23. Nxe5 Bxe5 24. Qb5 Rcd8 25. Red1 Bf4 26. Rb1 Re5 27. Qa4 g5
28. Bg3 Bxg3 29. hxg3 a5 30. d6 Rxd6 31. Rxd6 cxd6 32. Qc6 Qb3 33. Qxd6 Qc2 34.
Rd1 Qxb2 35. Qc7+ Kg6 36. Rd7 Qb1+ 37. Kh2 Kh6 38. Qd8 Qg6 39. Qf8+ Kh5 40. f3
Re2 41. Rg7 Qc2 42. Qf7+ 1-0

[Event "Online Olym Div3 B 2020"]
[Site "chess.com INT"]
[Date "2020.07.07"]
[Round "3.3"]
[Board "2"]
[White "Saif, Ahmed"]
[Black "Monnaatsheko, Keletshabile"]
[Result "1-0"]
[WhiteElo "1839"]
[BlackElo "1971"]
[WhiteTeam "United Arab Emirates"]
[BlackTeam "Botswana"]
[WhiteFideId "9316604"]
[BlackFideId "11302941"]
[EventDate "2020.07.07"]
[EventType "team"]

1. e4 e6 2. d4 d5 3. Nd2 Nf6 4. e5 Nfd7 5. Bd3 c5 6. c3 Nc6 7. Ne2 cxd4 8. cxd4
f6 9. exf6 Nxf6 10. Nf3 Bd6 11. O-O Qc7 12. Bg5 O-O 13. Bh4 Nh5 14. Qc2 1-0

[Event "Online Olym Div3 B 2020"]
[Site "chess.com INT"]
[Date "2020.07.07"]
[Round "3.3"]
[Board "3"]
[White "Francis, Onkemetse"]
[Black "Almaini, Aishah Sarhan"]
[Result "0-1"]
[WhiteTitle "WIM"]
[WhiteElo "1781"]
[BlackElo "1607"]
[WhiteTeam "Botswana"]
[BlackTeam "United Arab Emirates"]
[WhiteFideId "11301287"]
[BlackFideId "9307214"]
[EventDate "2020.07.07"]
[EventType "team"]

1. e4 g6 2. d4 Bg7 3. c3 d6 4. f4 Nf6 5. Bd3 O-O 6. Nf3 c5 7. O-O Nc6 8. e5 Nd5
9. Qb3 Nc7 10. Qd1 cxd4 11. cxd4 Bg4 12. Be2 Nd5 13. Nc3 Nxc3 14. bxc3 Rc8 15.
h3 Bd7 16. Bd2 dxe5 17. fxe5 Be6 18. Ng5 Bd5 19. c4 Bxc4 20. Be3 Bxe2 21. Qxe2
Nxd4 22. Qf2 Nc6 23. Rad1 Qa5 24. e6 fxe6 25. Qh4 h6 26. Nxe6 Rxf1+ 27. Rxf1 Qe5
28. Qf2 Qxe6 29. Qe2 Bd4 30. Re1 Bxe3+ 31. Qxe3 Qxe3+ 32. Rxe3 Rd8 33. Kf2 Rd2+ 0-1